Culpabilidad en Derecho Penal: dos cuestiones fundamentales

Sparad:
Bibliografiska uppgifter
Huvudupphovsman: Jakobs, Günther (Författare, medförfattare)
Materialtyp: Bok
Språk:spanska
Publicerad: Bogotá Universidad Externado de Colombia 2003
Upplaga:1a. ed
Ämnen:
Taggar: Lägg till en tagg
Inga taggar, Lägg till första taggen!

MARC

LEADER 00000cam a2200000 a 4500
001 UCC4424
003 CL-VaPUC
008 180803e20030000ck |||||||||||||||||spa|d
020 |a 9586166996 
082 0 4 |a 345  |b JAK  |2 21 
100 |a Jakobs, Günther  |e author  |9 484793 
245 1 0 |a Culpabilidad en Derecho Penal: dos cuestiones fundamentales 
250 |a 1a. ed 
300 |a 84 p 
942 |c BK 
945 |d 20180803 12:44:00  |a dcastane 
260 |a Bogotá  |b Universidad Externado de Colombia  |c 2003 
650 7 |a DERECHO PENAL  |2 CL-VaPUC  |9 11 
650 7 |a CULPABILIDAD  |2 CL-VaPUC  |9 351694 
650 0 |a Responsabilidad penal  |9 254899 
583 |a last modification  |c 20180803 12:44:00  |k Rodrigo Vera 
999 |c 371976  |d 371974 
952 |0 0  |1 0  |2 ddc  |3 erb  |4 0  |6 345_000000000000000_JAK_2003  |7 0  |8 A  |9 489196  |a BIBDER  |b BIBDER  |e Mateluna Arestizabal, Alfredo Sergio  |i 5484340  |l 1  |m 2  |o 345 JAK 2003  |p 5484340  |r 2023-09-26  |s 2023-09-05  |w 2019-11-24  |y MX  |z Catalogado en:20180803  |k DER